000 00611nam a2200241 a 4500
001 0001-1131
003 ELIB.Books
008 150504 2010 eng
020 _a1593250076
035 _a(ELIB.Books)0001-1286
092 _a248.8
_bJer
100 _aJeremiah, Davied
245 _aSlaying the Giants in Your Life
260 _aNashville
_bW Publishing Group
_c2001
300 _a217
_c21 CM
500 _aC/o Moe Lwei
650 _aChristian Life
856 _nKBTS: Library
_uKBTS: Elib
942 _2ddc
_cBK
990 _a1
998 _cbat
_e2015-05-04
999 _c11131
_d11131